00269nam a2200109Ia 4500008004100000100001700041245003100058250000800089260003600097300000800133650001800141191201s2005 xx 000 0 und d aJAMES, Hazal 0aCommon Mistakes in English a1st aNew DelhibPantagon Pressc2005 a256 aGeneral Books